Физика. Начальный этап. В 2 частях. Ч.I, Учебное пособие для иностранных слушателей по курсу довузовской подготовки

Bibliographische Detailangaben
1. Verfasser: Т. А. Новикова
Zusammenfassung:Книга находится в премиум-версии платформы «Русский как иностранный».
Материал учебного пособия предназначен для изучения дисциплины «Физика» на дополнительных общеобразовательных программах по довузовской подготовке иностранных слушателей. Пособие содержит две главы и знакомит слушателей с основами механики, электричества и магнетизма на русском языке. Учебное пособие подготовлено на кафедре «Естественно-научные дисциплины» Инженерного факультета Международного института УлГТУ.
Лицензия до 11.03.2030
Veröffentlicht: Ульяновск, Ульяновский государственный технический университет, 2023
Ausgabe:Физика. Начальный этап. В 2 частях. Ч.I
Schlagworte:
Online-Zugang:Перейти к просмотру издания
Format: MixedMaterials Elektronisch

MARC

LEADER 00000 a2200000 4500
001 RU/ROS-EDU.RU/149301
856 4 |u https://www.ros-edu.ru/book?id=149301  |z Перейти к просмотру издания 
010 |a 978-5-9795-2346-0, 978-5-9795-2347-7 (ч.I) 
205 |a Физика. Начальный этап. В 2 частях. Ч.I  |b 2030-03-11 
333 |a Лицензия до 11.03.2030 
100 |a 20230101d2023 |||y0rusy0250   |s 2030-03-11 
105 |a y z 000zy 
101 0 |a rus 
102 |a RU 
200 1 |a Физика. Начальный этап. В 2 частях. Ч.I  |b Электронный ресурс  |e Учебное пособие для иностранных слушателей по курсу довузовской подготовки  |f Т. А. Новикова 
700 1 |b Т. А.  |a Новикова  |4 070 
330 |a Материал учебного пособия предназначен для изучения дисциплины «Физика» на дополнительных общеобразовательных программах по довузовской подготовке иностранных слушателей. Пособие содержит две главы и знакомит слушателей с основами механики, электричества и магнетизма на русском языке. Учебное пособие подготовлено на кафедре «Естественно-научные дисциплины» Инженерного факультета Международного института УлГТУ. 
210 |a Ульяновск  |c Ульяновский государственный технический университет  |d 2023 
610 1 |a физика 
610 1 |a механика 
610 1 |a электричество 
610 1 |a магнетизм 
610 1 |a кинематика 
610 1 |a электрическое сопротивление 
610 1 |a магнитное поле 
675 |a 534 
686 |a 22.3  |2 rubbk 
300 |a Книга находится в премиум-версии платформы «Русский как иностранный». 
215 |a 55 с.